header

Holistic assertiveness skills for nurses (Record no. 9866)

MARC details
000 -LEADER
fixed length control field 01273nam a22003014a 4500
001 - CONTROL NUMBER
control field ebr10265305
003 - CONTROL NUMBER IDENTIFIER
control field CaPaEBR
006 - FIXED-LENGTH DATA ELEMENTS--ADDITIONAL MATERIAL CHARACTERISTICS--GENERAL INFORMATION
fixed length control field m u
007 - PHYSICAL DESCRIPTION FIXED FIELD--GENERAL INFORMATION
fixed length control field cr cn|||||||||
008 - FIXED-LENGTH DATA ELEMENTS--GENERAL INFORMATION
fixed length control field 030225s2003 nyua sb 001 0 eng
020 ## - INTERNATIONAL STANDARD BOOK NUMBER
Cancelled/invalid ISBN 0826117147
040 ## - CATALOGING SOURCE
Original cataloging agency CaPaEBR
Transcribing agency CaPaEBR
035 ## - SYSTEM CONTROL NUMBER
System control number (OCoLC)298950509
050 14 - LIBRARY OF CONGRESS CALL NUMBER
Classification number RT86
Item number .C573 2003eb
082 04 - DEWEY DECIMAL CLASSIFICATION NUMBER
Classification number 610.73/01/9
Edition number 21
100 1# - MAIN ENTRY--PERSONAL NAME
Personal name Clark, Carolyn Chambers.
245 10 - TITLE STATEMENT
Title Holistic assertiveness skills for nurses
Medium [electronic resource] :
Remainder of title empower yourself and others /
Statement of responsibility, etc Carolyn Chambers Clark.
260 ## - PUBLICATION, DISTRIBUTION, ETC. (IMPRINT)
Place of publication, distribution, etc New York :
Name of publisher, distributor, etc Springer Pub.,
Date of publication, distribution, etc c2003.
300 ## - PHYSICAL DESCRIPTION
Extent xix, 223 p. :
Other physical details ill.
504 ## - BIBLIOGRAPHY, ETC. NOTE
Bibliography, etc Includes bibliographical references and index.
533 ## - REPRODUCTION NOTE
Type of reproduction Electronic reproduction.
Place of reproduction Palo Alto, Calif. :
Agency responsible for reproduction ebrary,
Date of reproduction 2013.
Note about reproduction Available via World Wide Web.
-- Access may be limited to ebrary affiliated libraries.
650 #0 - SUBJECT ADDED ENTRY--TOPICAL TERM
Topical term or geographic name as entry element Nursing
General subdivision Psychological aspects
Form subdivision Problems, exercises, etc.
Topical term or geographic name as entry element Holistic nursing
Form subdivision Problems, exercises, etc.
Topical term or geographic name as entry element Assertiveness (Psychology)
Form subdivision Problems, exercises, etc.
655 #7 - INDEX TERM--GENRE/FORM
Genre/form data or focus term Electronic books.
Source of term local
710 2# - ADDED ENTRY--CORPORATE NAME
Corporate name or jurisdiction name as entry element ebrary, Inc.
856 40 - ELECTRONIC LOCATION AND ACCESS
Uniform Resource Identifier <a href="http://site.ebrary.com/lib/rucke/Doc?id=10265305">http://site.ebrary.com/lib/rucke/Doc?id=10265305</a>
Public note An electronic book accessible through the World Wide Web; click to view

No items available.

© 2026 Rongo University
Contact us: librarian | system librarian | Rongo university